| 000 | 00414nam a22001217a 4500 | ||
|---|---|---|---|
| 082 | _a200 THE | ||
| 100 |
_aMustafa Arif _969880 |
||
| 245 | _aTH-SOF-1316-Robust PCA using Shrinkage Estimates of Covariates and Full Scale Hybrid Feature Selection | ||
| 260 |
_aIslamabad _bNUST College of EME _c2016 |
||
| 650 | _aMS-COMPUTER ENGINEERING-73 MSTHESIS | ||
| 700 |
_aSupervisor DR ARSLAN SHAUKAT _969860 |
||
| 942 | _cCF | ||
| 999 |
_c576967 _d576967 |
||